LEADER 01595nam0 2200385 i 450 001 VAN00125426 005 20251212022523.827 017 70$2N$a9789811085635 100 $a20191112d2018 |0itac50 ba 101 $aeng 102 $aSG 105 $a|||| ||||| 181 $ai$b e 182 $ab 183 $acr 200 1 $aInnovative Polymeric Adsorbents$eRadiation-Induced Graft Polymerization$fKyoichi Saito, Kunio Fujiwara, Takanobu Sugo 210 $aSingapore$cSpringer$d2018 215 $aXII, 185 p.$cill.$d24 cm 620 $aSG$dSingapore$3VANL000061 676 $a540$cChimica generale$v22 676 $a543$cChimica analitica$v22 676 $a577.14$cChimica ambientale$v22 676 $a620.192$cPolimeri$v22 700 1$aSaito$bKyoichi$3VANV096865$0769134 701 1$aFujiwara$bKunio$3VANV096866$0769135 701 1$aSugo$bTakanobu$3VANV096867$0769136 712 $aSpringer $3VANV108073$4650 801 $aIT$bSOL$c20251219$gRICA 856 4 $uhttps://link.springer.com/book/10.1007/978-981-10-8563-5$zE-book - Accesso al full-text attraverso riconoscimento IP di Ateneo, proxy e/o Shibboleth 899 $aBIBLIOTECA DEL DIPARTIMENTO DI SCIENZE E TECNOLOGIE AMBIENTALI BIOLOGICHE E FARMACEUTICHE$1IT-CE0101$2VAN17 912 $fN 912 $aVAN00125426 950 $aBIBLIOTECA DEL DIPARTIMENTO DI SCIENZE E TECNOLOGIE AMBIENTALI BIOLOGICHE E FARMACEUTICHE$d17CONS e-book 2112 $e17BIB2112/152 152 20191112 996 $aInnovative Polymeric Adsorbents$91567645 997 $aUNICAMPANIA